Evolution of the European Convention on Human Rights : (Record no. 6222)

MARC details
000 -LEADER
fixed length control field 04035cam a2200565Ia 4500
001 - CONTROL NUMBER
control field ocn756051366
003 - CONTROL NUMBER IDENTIFIER
control field TZ-ArACH
005 - DATE AND TIME OF LATEST TRANSACTION
control field 20210601105749.0
006 - FIXED-LENGTH DATA ELEMENTS--ADDITIONAL MATERIAL CHARACTERISTICS--GENERAL INFORMATION
fixed length control field m o d
007 - PHYSICAL DESCRIPTION FIXED FIELD--GENERAL INFORMATION
fixed length control field cr cn|||||||||
008 - FIXED-LENGTH DATA ELEMENTS--GENERAL INFORMATION
fixed length control field 111006s2010 enk ob 001 0 eng
020 ## - INTERNATIONAL STANDARD BOOK NUMBER
International Standard Book Number 9780191728440
Qualifying information (ebook)
020 ## - INTERNATIONAL STANDARD BOOK NUMBER
International Standard Book Number 0191728446
Qualifying information (ebook)
020 ## - INTERNATIONAL STANDARD BOOK NUMBER
Cancelled/invalid ISBN 9780199207992
Qualifying information (cloth ;
-- alk. paper)
020 ## - INTERNATIONAL STANDARD BOOK NUMBER
Cancelled/invalid ISBN 0199207992
Qualifying information (cloth ;
-- alk. paper)
035 ## - SYSTEM CONTROL NUMBER
System control number (OCoLC)756051366
040 ## - CATALOGING SOURCE
Original cataloging agency LGG
Language of cataloging eng
Description conventions pn
Transcribing agency TZ-ArACH
043 ## - GEOGRAPHIC AREA CODE
Geographic area code e------
049 ## - LOCAL HOLDINGS (OCLC)
Holding library TZAA
050 #4 - LIBRARY OF CONGRESS CALL NUMBER
Classification number KJC5138
Item number .B38 2010
100 1# - MAIN ENTRY--PERSONAL NAME
Personal name Bates, Ed.
245 14 - TITLE STATEMENT
Title Evolution of the European Convention on Human Rights :
Remainder of title from its inception to the creation of a permanent court of human rights /
Statement of responsibility, etc Ed Bates.
260 ## - PUBLICATION, DISTRIBUTION, ETC. (IMPRINT)
Place of publication, distribution, etc Oxford ;
-- New York :
Name of publisher, distributor, etc Oxford University Press,
Date of publication, distribution, etc 2010.
300 ## - PHYSICAL DESCRIPTION
Extent xxxv, 571 pages
Dimensions 24 cm
504 ## - BIBLIOGRAPHY, ETC. NOTE
Bibliography, etc Includes bibliographical references (pages 541-562) and index.
505 0# - FORMATTED CONTENTS NOTE
Formatted contents note The evolution of the European Convention on Human Rights and Fundamental Freedoms -- The beginning of modern international human rights law (background to the birth of the European convention) -- Proposals for a convention to a safeguard Europe from tyranny and oppression? -- The drafting of the convention by the governments of the Council of Europe (February-November 1950) -- The Convention of 1950 and key features of its subsequent evolution -- An overview of the Convention's evolution from the 1950s to the early 1970s -- The Convention's evolution 1973-1976 : the awakening of the "sleeping beauty" -- The Strasbourg Court "comes of age" (the judgments of the late 1970s) -- Reflecting on the Convention's evolution (from a safeguard against totalitarianism to Europe's Bill of rights) -- The evolution of the convention system through to 1990 -- The Convention's "coming of age" (the 1990s and Protocol 11) -- After 1998 : the challenges facing the "new" European Court of Human Rights.
520 8# - SUMMARY, ETC.
Summary, etc The European Convention on Human Rights is probably the most effective system of international human rights control created. This book examines the story of the evolution of the convention over its first 50 years & explains how the system grew up & how it came to exert such an important influence on the states which subscribe to it.
610 20 - SUBJECT ADDED ENTRY--CORPORATE NAME
Corporate name or jurisdiction name as entry element European Court of Human Rights.
610 27 - SUBJECT ADDED ENTRY--CORPORATE NAME
Corporate name or jurisdiction name as entry element European Court of Human Rights.
Source of heading or term fast
630 00 - SUBJECT ADDED ENTRY--UNIFORM TITLE
Uniform title Convention for the Protection of Human Rights and Fundamental Freedoms
Date of treaty signing (1950 November 5)
630 07 - SUBJECT ADDED ENTRY--UNIFORM TITLE
Uniform title Convention for the Protection of Human Rights and Fundamental Freedoms.
Source of heading or term fast
650 #0 - SUBJECT ADDED ENTRY--TOPICAL TERM
Topical term or geographic name as entry element Human rights
Geographic subdivision Europe
General subdivision History.
650 #7 - SUBJECT ADDED ENTRY--TOPICAL TERM
Topical term or geographic name as entry element Human rights.
Source of heading or term fast
650 17 - SUBJECT ADDED ENTRY--TOPICAL TERM
Topical term or geographic name as entry element Mensenrechten.
Source of heading or term gtt
650 17 - SUBJECT ADDED ENTRY--TOPICAL TERM
Topical term or geographic name as entry element Europees Hof voor de Rechten van de Mens.
Source of heading or term gtt
650 #7 - SUBJECT ADDED ENTRY--TOPICAL TERM
Topical term or geographic name as entry element Law - Non-U.S.
Source of heading or term hilcc
650 #7 - SUBJECT ADDED ENTRY--TOPICAL TERM
Topical term or geographic name as entry element Law, Politics & Government.
Source of heading or term hilcc
650 #7 - SUBJECT ADDED ENTRY--TOPICAL TERM
Topical term or geographic name as entry element Law - Europe, except U.K.
Source of heading or term hilcc
651 #7 - SUBJECT ADDED ENTRY--GEOGRAPHIC NAME
Geographic name Europe.
Source of heading or term fast
655 #4 - INDEX TERM--GENRE/FORM
Genre/form data or focus term Electronic books.
655 #7 - INDEX TERM--GENRE/FORM
Genre/form data or focus term History.
Source of term fast
776 08 - ADDITIONAL PHYSICAL FORM ENTRY
Display text Print version:
Main entry heading Bates, Ed.
Title Evolution of the European Convention on Human Rights.
Place, publisher, and date of publication Oxford ; New York : Oxford University Press, 2010
International Standard Book Number 9780199207992
Record control number (DLC) 2011285247
-- (OCoLC)423583012
856 40 - ELECTRONIC LOCATION AND ACCESS
Materials specified Oxford Scholarship Online
Uniform Resource Identifier <a href="https://doi.org/10.1093/acprof:oso/9780199207992.001.0001">https://doi.org/10.1093/acprof:oso/9780199207992.001.0001</a>
856 40 - ELECTRONIC LOCATION AND ACCESS
Materials specified Oxford Scholarship Online
Uniform Resource Identifier <a href="http://www.oxfordscholarship.com/view/10.1093/acprof:oso/9780199207992.001.0001/acprof-9780199207992">http://www.oxfordscholarship.com/view/10.1093/acprof:oso/9780199207992.001.0001/acprof-9780199207992</a>
856 40 - ELECTRONIC LOCATION AND ACCESS
Uniform Resource Identifier <a href="https://doi.org/10.1093/acprof:oso/9780199207992.001.0001">https://doi.org/10.1093/acprof:oso/9780199207992.001.0001</a>
Public note Full-text
856 40 - ELECTRONIC LOCATION AND ACCESS
Uniform Resource Identifier <a href="http://0-doi.org.pugwash.lib.warwick.ac.uk/10.1093/acprof:oso/9780199207992.001.0001">http://0-doi.org.pugwash.lib.warwick.ac.uk/10.1093/acprof:oso/9780199207992.001.0001</a>
Public note Connect to Oxford Scholarship Online e-book
856 41 - ELECTRONIC LOCATION AND ACCESS
Uniform Resource Identifier <a href="http://0-dx.doi.org.catalogue.libraries.london.ac.uk/10.1093/acprof:oso/9780199207992.001.0001">http://0-dx.doi.org.catalogue.libraries.london.ac.uk/10.1093/acprof:oso/9780199207992.001.0001</a>
Public note Remote access via WAM (IALS and SAS staff, fellows and students and IALS Library academic members) - Oxford Scholarship Online: Law
856 40 - ELECTRONIC LOCATION AND ACCESS
Uniform Resource Identifier <a href="http://www.library.yorku.ca/e/resolver/id/2263063">http://www.library.yorku.ca/e/resolver/id/2263063</a>
942 ## - ADDED ENTRY ELEMENTS (KOHA)
Source of classification or shelving scheme Library of Congress Classification
Koha item type Books
Holdings
Home library Current library Date acquired Full call number Barcode Koha item type
African Court on Human and Peoples' Rights Library African Court on Human and Peoples' Rights Library 01/06/2021 KJC5132 .B38 2010 10197907 Books

African Court on Human and Peoples' Rights | For Inquiries Contact » +255 272 510 510